[Event "Subotica-ch"]
[Site "Subotica"]
[Date "2009.02.27"]
[Round "6"]
[White "Nadj Hedjesi, Balind"]
[Black "Maravic, Zdravko"]
[Result "1-0"]
[WhiteElo "2348"]
[BlackElo "2075"]
[PlyCount "60"]
[EventDate "2009.02.16"]
[EventType "swiss"]
[EventRounds "9"]
[EventCountry "SRB"]
[SourceTitle "EXT 2019"]
[Source "ChessBase"]
[SourceDate "2018.10.10"]
[SourceVersion "1"]
[SourceVersionDate "2018.10.10"]
[SourceQuality "1"]

1. e4 e6 2. Nf3 d5 3. e5 c5 4. b4 cxb4 5. d4 Nc6 6. Be2 Nge7 7. a3 Nf5 8. axb4 Bxb4+ 9. c3 Be7 10. 0-0 0-0 11. g4 Nh4 12. Nxh4 Bxh4 13. f4 f6 14. exf6 Bxf6 15. g5 Be7 16. Bd3 g6 17. h4 Bd6 18. Ra2 Qc7 19. Na3 Qf7 20. Nb5 Be7 21. h5 Bd7 22. hxg6 hxg6 23. Rh2 a6 24. Rh6 axb5 25. Rxg6+ Qxg6 26. Bxg6 Kg7 27. Bd3 Rh8 28. f5 exf5 29. Bxf5 Ra2 30. Bxd7 Bd6 1-0

[Event "Subotica-ch"]
[Site "Subotica"]
[Date "2009.02.20"]
[Round "3"]
[White "Maravic, Zdravko"]
[Black "Pavlik, Goran"]
[Result "0-1"]
[WhiteElo "2075"]
[BlackElo "2190"]
[PlyCount "91"]
[EventDate "2009.02.16"]
[EventType "swiss"]
[EventRounds "9"]
[EventCountry "SRB"]
[SourceTitle "EXT 2019"]
[Source "ChessBase"]
[SourceDate "2018.10.10"]
[SourceVersion "1"]
[SourceVersionDate "2018.10.10"]
[SourceQuality "1"]

1. e4 c5 2. Nc3 Nc6 3. Bb5 g6 4. Bxc6 dxc6 5. d3 e5 6. Be3 Nf6 7. h3 Qe7 8. Qd2 h6 9. Nge2 Bg7 10. 0-0-0 b6 11. f4 exf4 12. Bxf4 Be6 13. Qe3 g5 14. Bh2 Bd7 15. Rhf1 Nd5 16. Nxd5 cxd5 17. Qf3 dxe4 18. dxe4 Bc6 19. Nc3 Bd4 20. Nd5 Bxd5 21. exd5 0-0 22. Rde1 Qd7 23. c3 Bg7 24. d6 Rae8 25. Qd5 Re6 26. Rxe6 Qxe6 27. Qxe6 fxe6 28. Rd1 Rd8 29. d7 e5 30. Rd5 Kf7 31. Bxe5 Bxe5 32. Rxe5 Rxd7 33. Kc2 Kf6 34. Re8 Kf5 35. Rf8+ Ke5 36. Rf2 Rd6 37. Rf8 Ke4 38. Rf7 Ke3 39. Rf3+ Ke2 40. Rf7 a6 41. Rf8 c4 42. Rf7 Ke1 43. Ra7 b5 44. Rf7 Rd2+ 45. Kc1 Rxg2 46. Rf6 0-1

[Event "Bajmok op 9th"]
[Site "Bajmok"]
[Date "2006.12.29"]
[Round "9"]
[White "Halasi, Jozsef"]
[Black "Maravic, Zdravko"]
[Result "1-0"]
[WhiteElo "2136"]
[BlackElo "2089"]
[PlyCount "69"]
[EventDate "2006.12.09"]
[EventType "swiss"]
[EventRounds "9"]
[EventCountry "SRB"]
[SourceTitle "EXT 2022"]
[Source "ChessBase"]
[SourceDate "2021.10.06"]
[SourceVersion "1"]
[SourceVersionDate "2021.10.06"]
[SourceQuality "1"]

1. e4 Nc6 2. d4 e5 3. dxe5 Nxe5 4. f4 Ng6 5. Nf3 Bc5 6. Bd3 d6 7. Nc3 Bd7 8. Qe2 N8e7 9. Bd2 Bc6 10. 0-0-0 Qd7 11. h4 h5 12. Bc4 f6 13. f5 Nf8 14. Nd5 0-0-0 15. Nf4 Qe8 16. Bc3 Bd7 17. Bd4 Bxd4 18. Nxd4 Nc6 19. Nde6 Bxe6 20. Bxe6+ Nxe6 21. Nxe6 Rd7 22. Rh3 Nd8 23. Nf4 Qf7 24. Ra3 Kb8 25. Qb5 Re8 26. Rd4 Re5 27. Qa4 a6 28. Rb4 Kc8 29. Ng6 Rc5 30. Rab3 c6 31. Rd4 Rb5 32. Rbd3 Kc7 33. c4 Rc5 34. Rc3 b5 35. Qxa6 1-0

[Event "Bajmok op 9th"]
[Site "Bajmok"]
[Date "2006.12.28"]
[Round "8"]
[White "Maravic, Zdravko"]
[Black "Mamuzic, Mirko"]
[Result "0-1"]
[WhiteElo "2089"]
[BlackElo "2260"]
[PlyCount "54"]
[EventDate "2006.12.09"]
[EventType "swiss"]
[EventRounds "9"]
[EventCountry "SRB"]
[SourceTitle "EXT 2022"]
[Source "ChessBase"]
[SourceDate "2021.10.06"]
[SourceVersion "1"]
[SourceVersionDate "2021.10.06"]
[SourceQuality "1"]

1. Nf3 Nf6 2. b3 c5 3. Bb2 Nc6 4. e3 d5 5. Bb5 a6 6. Bxc6+ bxc6 7. Ne5 Qc7 8. d3 Nd7 9. f4 Nxe5 10. Bxe5 Qb6 11. Qf3 f6 12. Bb2 a5 13. Nd2 a4 14. 0-0 e6 15. Qh5+ Kd8 16. Qf7 Ra7 17. Bxf6+ Be7 18. Bxg7 Re8 19. Nf3 c4 20. dxc4 Qxe3+ 21. Kh1 Qe4 22. Nd4 Bd7 23. f5 e5 24. Rae1 Qxd4 25. Rxe5 Qc5 26. Rfe1 Qf2 27. Rxe7 Qxe1+ 0-1

[Event "Bajmok op 9th"]
[Site "Bajmok"]
[Date "2006.12.16"]
[Round "4"]
[White "Tancik, Kristijan"]
[Black "Maravic, Zdravko"]
[Result "1-0"]
[WhiteElo "2132"]
[BlackElo "2089"]
[PlyCount "55"]
[EventDate "2006.12.09"]
[EventType "swiss"]
[EventRounds "9"]
[EventCountry "SRB"]
[SourceTitle "EXT 2022"]
[Source "ChessBase"]
[SourceDate "2021.10.06"]
[SourceVersion "1"]
[SourceVersionDate "2021.10.06"]
[SourceQuality "1"]

1. d4 d5 2. c4 e5 3. dxe5 d4 4. Nf3 Nc6 5. g3 Be6 6. Nbd2 Qd7 7. Bg2 0-0-0 8. 0-0 h5 9. h4 Bh3 10. Qa4 Kb8 11. Nb3 Bxg2 12. Kxg2 Nh6 13. Bf4 Qf5 14. Rad1 d3 15. exd3 Be7 16. d4 Ng4 17. d5 Ncxe5 18. Nxe5 Nxe5 19. Nd4 Qd7 20. Qb3 Ng6 21. Nc6+ Ka8 22. Nxd8 Nxf4+ 23. gxf4 Qxd8 24. Rfe1 Bxh4 25. c5 g5 26. f5 Qf6 27. Qc3 Qxc3 28. bxc3 1-0

[Event "Bajmok op 8th"]
[Site "Bajmok"]
[Date "2006.01.04"]
[Round "8"]
[White "Guzsvany, Arpad"]
[Black "Maravic, Zdravko"]
[Result "1/2-1/2"]
[WhiteElo "2002"]
[BlackElo "2099"]
[PlyCount "33"]
[EventDate "2005.12.23"]
[EventType "swiss"]
[EventRounds "9"]
[EventCountry "YUG"]
[SourceTitle "CBM 110 Extra"]
[Source "ChessBase"]
[SourceDate "2006.03.10"]
[SourceVersion "2"]
[SourceVersionDate "2006.03.10"]
[SourceQuality "1"]

1. d4 d5 2. c4 dxc4 3. e3 Nf6 4. Bxc4 e6 5. Nf3 a6 6. 0-0 c5 7. Qe2 Nc6 8. Rd1 cxd4 9. exd4 Be7 10. Nc3 Na5 11. Bd3 0-0 12. Bg5 g6 13. Rac1 b5 14. Bxf6 Bxf6 15. Ne4 Be7 16. Nc5 Qd6 17. b4 1/2-1/2